000 00648nam a2200277Ia 4500
005 20260324134220.0
008 008 260324s9999 xx 000 0 eng d
020 _a9781003192848
037 _aEBOOK
040 _aCRL
040 _beng
040 _cCRL
041 _2eng
041 _aeng
084 _qCRL
100 _aMichael T Davis
_91196000
245 4 _aThe London Corresponding Society, 1792-1799
260 _bTaylor and Francis
260 _c2002
365 _a
365 _b1080
856 _uhttp://www.taylorfrancis.com/books/9781003192848
942 _cEBOOK
999 _c1795824
_d1795824